00354nam a22001217a 4500003000400000005001700004008004100021020001500062040000900077100001700086245012100103300000800224OSt20170105103507.0140526t xxu||||| |||| 00| 0 eng d a8121919878 cASAB aK.G. Ramawat aComprehensive biotechnologybfor b.sc and m.sc students of different indian universities as per UGC model curriculum a706